000 00602nam a2200181Ia 4500
005 20250326124348.0
008 250326s9999 xx 000 0 und d
037 _aTextbook
040 _aFMSL
_beng
_cFMSL
041 _aeng
_2eng
084 _aX:77 L2;1
_qFMSL
100 _aRichman B M
_9736596
245 0 _aInternational management and economic development with particular reference to India and other developing countries
_cRichman B M; Copen M
260 _aNew Delhi
_bNew Delhi, Tata McGraw-Hill
_c1972
300 _a681p
942 _cTB
_hX:77 L2;1
999 _c1273434
_d1273434